| 000 | 00893nam a22003137a 4500 | ||
|---|---|---|---|
| 001 | 0004208 | ||
| 003 | KOHA_MİRAKIL | ||
| 005 | 20260207001403.0 | ||
| 007 | ta | ||
| 008 | 100817b1999 tu |||gr||||#||||0|tur | | ||
| 020 |
_a975512327X _c0,01 |
||
| 040 |
_aTR-BiSEU _btur _cTR-BiSEU _erda |
||
| 041 | 0 | _atur | |
| 044 | _ctu | ||
| 050 |
_aHC453.22 _b.G87 1999 |
||
| 245 | 0 |
_aGürcistan : _bülke profili, mevzuat ve Türk girişimcileri/ _ceditör Muhsin Akgür, Tezer Palacıoğlu. |
|
| 264 | 1 |
_aİstanbul : _bİstanbul Ticaret Odası _c1999 |
|
| 300 | _a185 sayfa | ||
| 336 |
_ametin _btxt _2rdacontent |
||
| 337 |
_aaracısız _bn _2rdamedia |
||
| 338 |
_acilt _bnc _2rdacarrier |
||
| 490 | 0 | _aYayın no. | |
| 490 | 0 | _a1999-5 | |
| 500 | _aKaynakça var. | ||
| 650 | 0 |
_aGürcistan--Ekonomik durum. _910309 |
|
| 830 | 0 |
_aYayın no. _91619 |
|
| 830 | 0 |
_a1999-5 _910310 |
|
| 942 |
_2lcc _cBK |
||
| 999 |
_c4191 _d4191 |
||